000 00491nam a2200181Ia 4500
005 20250326125839.0
008 250326s9999 xx 000 0 und d
037 _aTextbook
040 _aFMSL
_beng
_cFMSL
041 _aeng
_2eng
084 _aX:1:7 N7
_qFMSL
100 _aArgyle M
_9739675
245 0 _aPshchology and social problems
_cArgyle M
260 _aLondon
_bLondon, S S Paperbooks
_c1967
300 _a232p
942 _cTB
_hX:1:7 N7
999 _c1279847
_d1279847